Návrh modelu sledovania a vyhodnocovania procesných nákladov na kvalitu vo firme Magna Slovteca, s.r.o., Nové Mesto nad Váhom

Gespeichert in:
Bibliographische Detailangaben
1. Verfasser: Dóczy, Branislav, 1986- (Verfasst von)
Weitere Verfasser: Nováková, Renáta, 1968- (Betreuung Doktorarbeit)
Format: Manuskript Buch
Sprache:Slowakisch
Veröffentlicht: STU v Bratislave MTF UPMK KIK, 2010
Schlagworte:
Online-Zugang:VAIS
Tags: Tag hinzufügen
Keine Tags, Fügen Sie das erste Tag hinzu!

MARC

LEADER 00000ntm a22000003a 4500
001 stu206406
005 20160719160324.6
008 100703s2010------------------------slo-d
040 |a STU  |b slo 
041 0 |a slo 
100 1 |a Dóczy, Branislav,  |d 1986-  |4 aut  |X 24122  |7 A000024122 
242 0 0 |a Proposal of model for process quality costs for monitoring and scoring in Magna Slovteca, s.r.o., Nové Mesto nad Váhom   |y eng 
245 1 |a Návrh modelu sledovania a vyhodnocovania procesných nákladov na kvalitu vo firme Magna Slovteca, s.r.o., Nové Mesto nad Váhom 
260 |b STU v Bratislave MTF UPMK KIK,  |c 2010 
650 7 |a quality  |2 estusub 
650 7 |a process  |2 stusub 
650 7 |a manažérstvo kvality  |2 stusub 
650 7 |a náklady na kvalitu  |2 stusub 
700 1 |a Nováková, Renáta,  |d 1968-  |4 ths  |u M300  |U MTF Ústav priemyselného inžinierstva a manažmentu  |T MTF Katedra inžinierstva kvality  |X 1481  |U M300  |Y M300  |7 A000001481 
856 4 |a info a plný text  |u http://is.stuba.sk/zp/portal_zp.pl?podrobnosti=76937  |3 VAIS 
996 |c M*DP-9307  |l MMSKP  |s P  |a 0  |w stu206406_0001